林榮三與台灣 (Record no. 7704)
[ view plain ]
| 000 -記錄標示(系統產生) | |
|---|---|
| fixed length control field | 00286nam a22001097a 4500 |
| 020 ## - ISBN | |
| ISBN | 978-986-97417-6-7 |
| 050 ## - LIBRARY OF CONGRESS CALL NUMBER | |
| Classification number | 783.3886 |
| 245 ## - 書籍基本資料 | |
| 書名 | 林榮三與台灣 |
| 作者名稱 | 鄧蔚偉 |
| 250 ## - 書籍版本資料 | |
| 書籍版本 | 初版 |
| 260 ## - 書籍出版資料 | |
| 出版地 | 新北市 |
| 出版者 | 財團法人林榮三文化公益基金會 |
| 出版年 | 2025.12 |
| 942 ## - 其他項目(KOHA) | |
| 分類法來源 | 中文圖書分類法 |
| 館藏類型設定 | 一般圖書 |
| 撤銷狀態 | 遺失狀態 | 分類號來源 | 損壞狀態 | 不外借 | 永久館藏地 | 現在館藏地 | 書架位置 | 採購日期 | 所有借閱數 | 完整索書號 | 條碼號 | 最後一次日期記錄 | 一般價格有效日期 | Koha館藏類型 | 公開資訊 |
|---|---|---|---|---|---|---|---|---|---|---|---|---|---|---|---|
| 未註銷館藏 | 未遺失 | 中文圖書分類法 | 未損毀 | 可外借 | 怡仁綜合醫院圖書館 | 怡仁綜合醫院圖書館 | 2026-04-01 | 783.3886 | C03287 | 2026-04-01 | 2026-04-01 | 一般圖書 | 由財團法人林榮三文化公益基金會編輯、出版的《林榮三與台灣》,自一代報人林榮三出身地蘆洲敘起,回顧他所受的嚴格家教和家庭背景,乃至求學、成家等細節,繼而詳述不同人生階段的變化,及對台灣的影響力。全書352頁,除透過大量訪問增添信實,並佐配珍貴照片148幅,每章節末附有【定義林榮三】,使一代報人的多重面向得以全方位呈現。 |